Find Five 'F' Things Quiz Stats

Quiz Updated Sep 18, 2017

Challenge
Share
Tweet
Embed
Score 0/50 Timer 05:00
4 Plays Today
% Correct
Fort Worth
94.4%
Fox
85.2%
Foxtrot
84.9%
Fremont
83.8%
Fin Whale
82.4%
Ferret
82%
Fur Seal
81.7%
Flamenco
79.6%
Force
77.8%
Fresno
76.7%
Frequency
75.1%
Flitwick
74.8%
Ferdinand
74.5%
Frederick
73.3%
Fandango
73.2%
Feuer
71.4%
Franz Joseph
70.1%
Fuego
69.6%
Freyja
68.5%
Francis
67.5%
Feu
66.9%
Felipe
66.6%
Focal Length
65.8%
Favre
65.6%
Freyr
65.3%
% Correct
Fort Lauderdale
62.9%
Finnigan
61.8%
Filch
61.5%
Family of Imran
60.8%
Fletcher
57.6%
Flint
56.5%
Faulk
52.5%
Fudge
50.8%
Faculty of Discernment
49.1%
Fling
47.2%
Frigg
43.6%
Friedman
43%
Fuoco
40.5%
Forgiving
40.5%
Farads
37%
Fouts
32.1%
Fulla
28.6%
Fogo
28%
Femto
23.5%
Fig Tree
22.2%
Fossa
21.3%
Food
19.3%
Forró
15.6%
Forseti
15.1%
Fears
7%

You're not logged in!

Compare scores with friends on all Sporcle quizzes.
Sign Up with Email
OR
Log In

You Might Also Like...

Show Comments

Extras

Top Quizzes Today


Score Distribution

Your Account Isn't Verified!

In order to create a playlist on Sporcle, you need to verify the email address you used during registration. Go to your Sporcle Settings to finish the process.

Report this User

Report this user for behavior that violates our Community Guidelines.

Details: